<?xml version="1.0" encoding="UTF-8"?>
<record
    xmlns:xsi="http://www.w3.org/2001/XMLSchema-instance"
    xsi:schemaLocation="http://www.loc.gov/MARC21/slim http://www.loc.gov/standards/marcxml/schema/MARC21slim.xsd"
    xmlns="http://www.loc.gov/MARC21/slim">

  <leader>00515nam a2200205Ia 4500</leader>
  <controlfield tag="005">20251118163445.0</controlfield>
  <controlfield tag="008">230125s9999    xx            000 0 und d</controlfield>
  <datafield tag="020" ind1=" " ind2=" ">
    <subfield code="a">10-81-7992-230-8</subfield>
  </datafield>
  <datafield tag="041" ind1=" " ind2=" ">
    <subfield code="a">eng</subfield>
  </datafield>
  <datafield tag="082" ind1=" " ind2=" ">
    <subfield code="a">823</subfield>
    <subfield code="b">SHA</subfield>
  </datafield>
  <datafield tag="100" ind1=" " ind2=" ">
    <subfield code="a">Sharma R</subfield>
    <subfield code="9">214902</subfield>
  </datafield>
  <datafield tag="245" ind1=" " ind2=" ">
    <subfield code="a">Discover Your Destiny</subfield>
  </datafield>
  <datafield tag="260" ind1=" " ind2=" ">
    <subfield code="c">2008</subfield>
    <subfield code="b">Jaico Publishing House</subfield>
    <subfield code="a">Mumbai</subfield>
  </datafield>
  <datafield tag="300" ind1=" " ind2=" ">
    <subfield code="a">198p</subfield>
  </datafield>
  <datafield tag="500" ind1=" " ind2=" ">
    <subfield code="a">Personality Development,</subfield>
  </datafield>
  <datafield tag="650" ind1=" " ind2=" ">
    <subfield code="a">English Literature</subfield>
    <subfield code="9">215094</subfield>
  </datafield>
  <datafield tag="700" ind1=" " ind2=" ">
    <subfield code="a">Sharma R</subfield>
    <subfield code="9">214902</subfield>
  </datafield>
  <datafield tag="906" ind1=" " ind2=" ">
    <subfield code="b">39</subfield>
  </datafield>
  <datafield tag="942" ind1=" " ind2=" ">
    <subfield code="c">BK</subfield>
  </datafield>
  <datafield tag="999" ind1=" " ind2=" ">
    <subfield code="c">85767</subfield>
    <subfield code="d">85767</subfield>
  </datafield>
  <datafield tag="952" ind1=" " ind2=" ">
    <subfield code="0">0</subfield>
    <subfield code="1">0</subfield>
    <subfield code="4">0</subfield>
    <subfield code="7">0</subfield>
    <subfield code="a">HIMR</subfield>
    <subfield code="b">HIMR</subfield>
    <subfield code="d">2009-10-29</subfield>
    <subfield code="e">Forward Books</subfield>
    <subfield code="g">195.00</subfield>
    <subfield code="i">3151</subfield>
    <subfield code="l">0</subfield>
    <subfield code="o">823 SHA B07894</subfield>
    <subfield code="p">HIMR-BK-7894</subfield>
    <subfield code="r">2023-01-25 00:00:00</subfield>
    <subfield code="v">156.00</subfield>
    <subfield code="w">2009-10-15</subfield>
    <subfield code="y">BK</subfield>
    <subfield code="z">B07894</subfield>
  </datafield>
  <datafield tag="952" ind1=" " ind2=" ">
    <subfield code="0">0</subfield>
    <subfield code="1">0</subfield>
    <subfield code="4">0</subfield>
    <subfield code="7">0</subfield>
    <subfield code="a">HIMR</subfield>
    <subfield code="b">HIMR</subfield>
    <subfield code="d">2009-10-29</subfield>
    <subfield code="e">Forward Books</subfield>
    <subfield code="g">195.00</subfield>
    <subfield code="i">3151</subfield>
    <subfield code="l">0</subfield>
    <subfield code="o">823 SHA B07893</subfield>
    <subfield code="p">HIMR-BK-7893</subfield>
    <subfield code="r">2023-01-25 00:00:00</subfield>
    <subfield code="v">156.00</subfield>
    <subfield code="w">2009-10-15</subfield>
    <subfield code="y">BK</subfield>
    <subfield code="z">B07893</subfield>
  </datafield>
  <datafield tag="952" ind1=" " ind2=" ">
    <subfield code="0">0</subfield>
    <subfield code="1">0</subfield>
    <subfield code="4">0</subfield>
    <subfield code="7">0</subfield>
    <subfield code="a">HIMR</subfield>
    <subfield code="b">HIMR</subfield>
    <subfield code="d">2009-10-29</subfield>
    <subfield code="e">Forward Books</subfield>
    <subfield code="g">185.00</subfield>
    <subfield code="i">3151</subfield>
    <subfield code="l">0</subfield>
    <subfield code="o">823 SHA B07896</subfield>
    <subfield code="p">HIMR-BK-7896</subfield>
    <subfield code="r">2023-01-25 00:00:00</subfield>
    <subfield code="v">148.00</subfield>
    <subfield code="w">2009-10-15</subfield>
    <subfield code="y">BK</subfield>
    <subfield code="z">B07896</subfield>
  </datafield>
</record>
